000 00800cab a2200241 4500
001 ABS58380
008 090401t1998 xxu||||| |||| 00| 0 eng d
035 _a(Sirsi) u85254
041 _aeng
100 _aClaiborne, Z.G.
245 _aHow to select a mediator
260 _c1998
350 _a0
490 _aCost Engineering
_v40(2) February 1998, 18-19(2)
520 _aA brief look at what factors to take into consideration when selecting an appropriate mediator. (An American article).
650 _aALTERNATIVE DISPUTE RESOLUTION
650 _aCONSTRUCTION INDUSTRY
650 _aMEDIATORS
650 _aPERSONAL QUALITIES
690 _aMANAGEMENT-DISPUTE AVOIDANCE, MANAGEMENT AND RESOLUTION-DISPUTE MANAGEMENT AND RESOLUTION-ARBITRATION
942 _n0
948 _c27/03/1998
999 _c53594
_d53594